| 000 | 00855nam a2200301Ia 4500 | ||
|---|---|---|---|
| 003 | OSt | ||
| 005 | 20221006142241.0 | ||
| 006 | a|||||r|||| 00| 0 | ||
| 007 | ta | ||
| 008 | 221006b |||||||| |||| 00| 0 eng d | ||
| 020 |
_a0824804600 _c _5.95 (each) |
||
| 020 | _a9780824804602 | ||
| 024 | _a5,807 | ||
| 037 | _cTextual | ||
| 040 |
_aEASL _cEASL _beng |
||
| 041 |
_2eng _aeng |
||
| 082 | _aY:1.42.N7, L6 | ||
| 100 |
_aLEBRA Takie Sugiyama _9270978 |
||
| 245 | 0 | _aJapanese patterns of behaviour | |
| 260 |
_aHonolulu _bUniversity Press of Hawaii _c1976 |
||
| 300 |
_a295p. _ccm. |
||
| 490 | _v JEL | ||
| 650 |
_a Japan - Social life and customs _9643047 |
||
| 650 | _a JEL | ||
| 650 |
_aNational characteristics - Japanese _9647260 |
||
| 942 |
_hY:1.42.N7, L6 _cTEXL _2CC |
||
| 999 |
_c1073893 _d1073893 |
||